रेखा-चक्र / (Record no. 114297)

MARC details
000 -LEADER
fixed length control field 00967nam a22002537a 4500
005 - DATE AND TIME OF LATEST TRANSACTION
control field 20170124103006.0
010 ## - LIBRARY OF CONGRESS CONTROL NUMBER
LC control number A-914624
020 ## - INTERNATIONAL STANDARD BOOK NUMBER
Terms of availability 100.00
035 ## - SYSTEM CONTROL NUMBER
System control number A-914624
037 ## - SOURCE OF ACQUISITION
Source of stock number/acquisition Cen Lib/Ret
040 ## - CATALOGING SOURCE
Original cataloging agency DPL
Language of cataloging HN
082 ## - DEWEY DECIMAL CLASSIFICATION NUMBER
Classification number
Item number रचना
100 ## - MAIN ENTRY--PERSONAL NAME
Personal name रचना प्रकाश
9 (RLIN) 210
245 ## - TITLE STATEMENT
Title रेखा-चक्र /
Statement of responsibility, etc रचना प्रकाश
246 ## - VARYING FORM OF TITLE
Title proper/short title Rekha- chakar /
Remainder of title by Rachna Prakash
260 ## - PUBLICATION, DISTRIBUTION, ETC. (IMPRINT)
Place of publication, distribution, etc नई दिल्ली
Name of publisher, distributor, etc शारदा प्रकाशन
Date of publication, distribution, etc 1997
270 ## - ADDRESS
Address 16ऍफ़-3, अंसारी रोड, दरयागंज
City नई दिल्ली
Postal code 110002
300 ## - PHYSICAL DESCRIPTION
Extent 227पृ.
Dimensions 16सेमी(सजिल्द )
650 ## - SUBJECT ADDED ENTRY--TOPICAL TERM
Topical term or geographic name as entry element हिंदी साहित्य
General subdivision
Geographic subdivision
9 (RLIN) 56259
650 ## - SUBJECT ADDED ENTRY--TOPICAL TERM
Topical term or geographic name as entry element हिंदी उपन्यास
9 (RLIN) 56260
650 ## - SUBJECT ADDED ENTRY--TOPICAL TERM
Topical term or geographic name as entry element hindi literature
Form subdivision
9 (RLIN) 56261
650 ## - SUBJECT ADDED ENTRY--TOPICAL TERM
Topical term or geographic name as entry element Hindi fiction
9 (RLIN) 27248
942 ## - ADDED ENTRY ELEMENTS (KOHA)
Source of classification or shelving scheme Dewey Decimal Classification
Koha item type Hindi Books
Classification part
Call number suffix रचना
Holdings
Withdrawn status Lost status Damaged status Not for loan Home library Current library Date acquired Source of acquisition Cost, normal purchase price Total Checkouts Full call number Barcode Date last seen Copy number Cost, replacement price Price effective from Koha item type
        Central Library Central Library 17/08/2015 Cen Lib/Ret 100.00   उ रचना A-914624 17/08/2015 1 100.00 17/08/2015 Hindi Books

© Delhi Public Library
Hit Counter
free hit counter